000 00452nam a22001697a 4500
003 SGT
020 _a9780197775813
082 _a618.1
_bS25L
100 _aLIU, CONSTANCE
245 _a50 STUDIES EVERY OBSTETRICIAN GYNECOLOGIST SHOULD KNOW
250 _a1ST SA
260 _aNEW YORK
_bOXFORD UNIVERSITY
_c2025
300 _a292
650 _aOBST. & GYNE
653 _a50 STUDIES EVERY OBSTETRICIAN GYNECOLOGIST SHOULD KNOW
942 _2ddc
_cBK
999 _c30653
_d30653